000 00620nam a2200253Ia 4500
001 Z_5255
003 CHAP
008 220113s1979 xx 000 0 und d
010 _a168319
040 _cCHAP
082 _a636.2 F73y
100 _aFraser, Allan
_943062
245 _aCría y explotación del ganado bovino /
_cpor Allan Fraser
260 _aMéxico, D. F. :
_bCECSA,
_c1979
300 _a329 p.
650 _aGanado vacuno
_xCría de
_945451
650 _aGanado vacuno
_xProducción
_945506
901 _a636.2 F73Y
902 _aM
910 _a1979
942 _c1
942 _cc1
999 _c168319
_d168319